000 00711nam a2200289Ia 4500
005 20260324135230.0
008 008 260324s9999 xx 000 0 eng d
020 _a9781410605641
037 _aEBOOK
040 _aCRL
040 _beng
040 _cCRL
041 _2eng
041 _aeng
084 _qCRL
100 _aGail E. Burnaford; Joseph Fischer; David Hobson
_91199826
245 0 _aTeachers Doing Research
245 4 _bThe Power of Action Through Inquiry
260 _bTaylor and Francis
260 _c2000
365 _a
365 _b300
856 _uhttp://www.taylorfrancis.com/books/9781410605641
942 _cEBOOK
999 _c1800686
_d1800686